00807nam a22002297a 450000500170000001000150001702000260003203500140005803700130007208200170008510000290010224500620013126000400019327000530023330000200028670000290030670000240033570000290035994200310038899900190041995201390043820231212114648.0 aENG-138105 a9789390434619c795.00 aEN-121637 bDBAD/PUB a746.14095456 aMitra, Saptarshi 959782 aTraditinal Tribal Weaving Of TRIPURA/cBy Saptarshi Mitra aAssambEBH Publishers (India)c2021 a136, M.L. Nehru Road, PanbazarbGuhawatie781001 a109pc24cm(hbk) aRantumoni Sharma 956846 aNamita Nath 956856 aMohan East Kalita956864 2ddccENh746.14095456mMIT c198311d198311 001040708NFICaVPbVPd2023-09-18eDBAD/PUBg795.00l0o746.14095456 MITpEN-121637r2023-09-18 00:00:00t1v795.00w2023-09-18yEN